Wenn die Blüten Trauer tragen (Titelsatznr. 1538)

[ MARC ]
MARC-Details
000 -LEADER
fixed length control field 01993cam a2200529 cc4500
001 - CONTROL NUMBER
control field 1820566625
003 - CONTROL NUMBER IDENTIFIER
control field DE-627
005 - DATE AND TIME OF LATEST TRANSACTION
control field 20260324163759.0
007 - PHYSICAL DESCRIPTION FIXED FIELD--GENERAL INFORMATION
fixed length control field tu
008 - FIXED-LENGTH DATA ELEMENTS--GENERAL INFORMATION
fixed length control field 221102s2023 gw ||||| 6 00| ||ger c
015 ## - NATIONAL BIBLIOGRAPHY NUMBER
National bibliography number 22,N44
Source dnb
016 7# - NATIONAL BIBLIOGRAPHIC AGENCY CONTROL NUMBER
Record control number 1271380234
Source DE-101
020 ## - INTERNATIONAL STANDARD BOOK NUMBER
International Standard Book Number 9783551623614
Terms of availability : (Softcover : EUR 10.00 (DE), EUR 10.30 (AT), CHF 14.90 (freier Preis))
020 ## - INTERNATIONAL STANDARD BOOK NUMBER
International Standard Book Number 3551623619
024 3# - OTHER STANDARD IDENTIFIER
Standard number or code 9783551623614
035 ## - SYSTEM CONTROL NUMBER
System control number (DE-627)1820566625
035 ## - SYSTEM CONTROL NUMBER
System control number (DE-599)DNB1271380234
035 ## - SYSTEM CONTROL NUMBER
System control number (OCoLC)1390438301
040 ## - CATALOGING SOURCE
Original cataloging agency DE-627
Language of cataloging ger
Transcribing agency DE-627
Description conventions rda
041 ## - LANGUAGE CODE
Language code of text/sound track or separate title ger
Language code of original jpn
044 ## - COUNTRY OF PUBLISHING/PRODUCING ENTITY CODE
ISO country code XA-DE-HH
082 04 - DEWEY DECIMAL CLASSIFICATION NUMBER
Classification number 741.5
Assigning agency DE-101
084 ## - OTHER CLASSIFICATION NUMBER
Classification number Zm
Number source asb
084 ## - OTHER CLASSIFICATION NUMBER
Classification number ZAL
Number source ssd
084 ## - OTHER CLASSIFICATION NUMBER
Classification number Comic
Number source sfb
084 ## - OTHER CLASSIFICATION NUMBER
Classification number R 70
Number source kab
100 0# - MAIN ENTRY--PERSONAL NAME
Personal name Tokuotsumu
Relator term VerfasserIn
Authority record control number or standard number (DE-588)1293413313
-- (DE-627)1850739374
Relationship aut
245 10 - TITLE STATEMENT
Title Wenn die Blüten Trauer tragen
Number of part/section of a work 1
Statement of responsibility, etc. Tokuwotsumu ; aus dem Japanischen von Christina Rinnerthaler
250 ## - EDITION STATEMENT
Edition statement 1. Aufl.
264 #1 - PRODUCTION, PUBLICATION, DISTRIBUTION, MANUFACTURE, AND COPYRIGHT NOTICE
Place of production, publication, distribution, manufacture Hamburg
Name of producer, publisher, distributor, manufacturer HAYABUSA
Date of production, publication, distribution, manufacture, or copyright notice 2023
300 ## - PHYSICAL DESCRIPTION
Extent 176 Seiten
Dimensions 21 cm x 14.5 cm
Accompanying material 1 Postkarte
336 ## - CONTENT TYPE
Content type term Text
Content type code txt
Source rdacontent
336 ## - CONTENT TYPE
Content type term unbewegtes Bild
Content type code sti
Source rdacontent
337 ## - MEDIA TYPE
Media type term ohne Hilfsmittel zu benutzen
Media type code n
Source rdamedia
338 ## - CARRIER TYPE
Carrier type term Band
Carrier type code nc
Source rdacarrier
490 0# - SERIES STATEMENT
Series statement Girls Love
583 1# - ACTION NOTE
Action Archivierung/Langzeitarchivierung gewährleistet
Time/date of action 2023
Authorization PEHH
Source of term pdager
Institution to which field applies DE-18
655 #7 - INDEX TERM--GENRE/FORM
Genre/form data or focus term Comic
Authority record control number or standard number (DE-588)4010427-8
-- (DE-627)104377402
-- (DE-576)208887989
Source of term gnd-content
951 ## - EQUIVALENCE OR CROSS-REFERENCE--GEOGRAPHIC NAME/AREA NAME [OBSOLETE] [CAN/MARC only]
Geographic name MV
700 1# - ADDED ENTRY--PERSONAL NAME
Personal name Rinnerthaler, Christina
Relator term ÜbersetzerIn
Relationship trl
710 2# - ADDED ENTRY--CORPORATE NAME
Corporate name or jurisdiction name as entry element Carlsen Verlag
Relator term Verlag
Authority record control number or standard number (DE-588)2036434-9
-- (DE-627)10257796X
-- (DE-576)191872857
Relationship pbl
773 18 - HOST ITEM ENTRY
Record control number (DE-627)1852669969
Related parts 1
Enumeration and first page 1
Control subfield nnam
776 1# - ADDITIONAL PHYSICAL FORM ENTRY
International Standard Book Number 9783646728910
776 08 - ADDITIONAL PHYSICAL FORM ENTRY
Relationship information Erscheint auch als
Note Online-Ausgabe
International Standard Book Number 9783646728910
856 42 - ELECTRONIC LOCATION AND ACCESS
Uniform Resource Identifier <a href="http://deposit.dnb.de/cgi-bin/dokserv?id=e85c9f06d86949e8b33a2dffed0429de&prov=M&dok_var=1&dok_ext=htm">http://deposit.dnb.de/cgi-bin/dokserv?id=e85c9f06d86949e8b33a2dffed0429de&prov=M&dok_var=1&dok_ext=htm</a>
Contact for access assistance X:MVB
Electronic format type text/html
Hours access method available 2022-11-02
Materials specified Inhaltstext
Access status 1
942 ## - ADDED ENTRY ELEMENTS (KOHA)
Source of classification or shelving scheme Dewey Decimal Classification
Koha item type Manga
Suppress in OPAC No
Exemplare
Withdrawn status Lost status Source of classification or shelving scheme Damaged status Not for loan Home library Current library Shelving location Date acquired Total checkouts Barcode Date last seen Price effective from Koha item type
    Dewey Decimal Classification     Bunte Manga Potsdam Bunte Manga Potsdam Romance - Girl's Love 03/24/2026   1518 03/24/2026 03/24/2026 Manga

Powered by Koha